| 000 | 00471nam a2200205Ia 4500 | ||
|---|---|---|---|
| 008 | 170918s9999 xx 000 0 und d | ||
| 020 | _a9780375859038 | ||
| 050 | _bJ679 2009 | ||
| 100 | _aJohnson, Louanne | ||
| 245 | _aMuchacho / | ||
| 245 | _cLouanne Johnson. | ||
| 250 | _aFirst edition. | ||
| 260 | _aNew York : | ||
| 260 | _bEmber, | ||
| 260 | _c2009 | ||
| 300 | _a197 pages : | ||
| 300 | _bcolored illustration ; | ||
| 300 | _c21cm. | ||
| 500 | _a1250 | ||
| 999 |
_c342389 _d342389 |
||